Govt. of
Madhya Pradesh

Normal view MARC view

Entry Personal Name

Number of records used in: 1

001 - CONTROL NUMBER

  • control field: 77539

003 - CONTROL NUMBER IDENTIFIER

  • control field: OSt

005 - DATE AND TIME OF LATEST TRANSACTION

  • control field: 20191213124855.0

008 - FIXED-LENGTH DATA ELEMENTS

  • fixed length control field: 191213|| aca||aabn | a|a d

040 ## - CATALOGING SOURCE

  • Original cataloging agency: OSt
  • Transcribing agency: OSt

100 ## - HEADING--PERSONAL NAME

  • Personal name: अंबर, डाॅ .शिव ओम

670 ## - SOURCE DATA FOUND

  • Source citation: Work cat.: (OSt): अंबर, डाॅ .शिव ओम , सप्‍तस्‍त्रोत, 2018